[Event "FRA-chT4 0506"]
[Site "France"]
[Date "2005.11.20"]
[Round "2"]
[White "Truchot, Rene"]
[Black "Benoit, Sebastien"]
[Result "1-0"]
[WhiteElo "1750"]
[BlackElo "1833"]
[PlyCount "88"]
[EventDate "2005.10.02"]
[EventType "team"]
[EventRounds "9"]
[EventCountry "FRA"]
[SourceTitle "EXT 2007"]
[Source "ChessBase"]
[SourceDate "2006.11.23"]
[SourceVersion "1"]
[SourceVersionDate "2006.11.23"]
[SourceQuality "1"]

1. e4 e5 2. Nf3 Nf6 3. Nxe5 d6 4. Nf3 Nxe4 5. d4 d5 6. Bd3 Nc6 7. 0-0 Be7 8. Nbd2 Bf5 9. Re1 Nxd2 10. Qxd2 Bxd3 11. Qxd3 0-0 12. c3 Re8 13. Bf4 Qd7 14. Ng5 Bxg5 15. Bxg5 Re6 16. Rxe6 Qxe6 17. Bf4 Qd7 18. Re1 Ne7 19. Qg3 c6 20. Bg5 Ng6 21. h4 h5 22. Qf3 f6 23. Qxh5 fxg5 24. Qxg6 gxh4 25. Qh5 h3 26. Qxh3 Qxh3 27. gxh3 Kf7 28. Kg2 Rh8 29. Re5 Rh6 30. f4 Rg6+ 31. Rg5 Rxg5+ 32. fxg5 Kg6 33. h4 Kh5 34. Kh3 b6 35. b4 a6 36. a3 b5 37. Kg3 Kg6 38. Kg4 Kf7 39. h5 Ke6 40. h6 gxh6 41. gxh6 Kf6 42. Kh5 Kf7 43. Kg5 Kg8 44. Kf6 Kh8 1-0

[Event "FRA-chT4"]
[Site "Champagne Ardenne"]
[Date "2005.02.07"]
[Round "5"]
[White "Thevenin, Alain"]
[Black "Truchot, Rene"]
[Result "1/2-1/2"]
[WhiteElo "2020"]
[BlackElo "1820"]
[PlyCount "78"]
[EventDate "2005.01.09"]
[EventRounds "7"]
[EventCountry "FRA"]
[SourceTitle "EXT 2007"]
[Source "ChessBase"]
[SourceDate "2006.11.23"]
[SourceVersion "1"]
[SourceVersionDate "2006.11.23"]
[SourceQuality "1"]

1. d4 Nf6 2. Nf3 e6 3. c4 d5 4. g3 c5 5. Bg2 Nc6 6. 0-0 Be7 7. Nc3 0-0 8. dxc5 Bxc5 9. cxd5 exd5 10. Bg5 Be6 11. Rc1 Be7 12. Nd4 h6 13. Bxf6 Bxf6 14. Nxe6 fxe6 15. Na4 Qe7 16. Nc5 Kh8 17. Nd3 Rad8 18. Nf4 Qf7 19. Bh3 Rfe8 20. Bg4 Ne5 21. Bh3 Bg5 22. e3 Bxf4 23. exf4 Nc6 24. Qb3 Nd4 25. Qd3 Nc6 26. Bg2 e5 27. fxe5 Nxe5 28. Qb3 Re7 29. Rfd1 d4 30. Qxf7 Rxf7 31. f4 Ng4 32. Be4 Re7 33. Rxd4 Rf8 34. Bf3 Nf6 35. Rdc4 Rff7 36. Rc8+ Kh7 37. h4 Re3 38. Kf2 Rd3 39. R1c2 Rdd7 1/2-1/2

[Event "FRA-chT4"]
[Site "Ech Ardennais/La Francheville"]
[Date "2004.12.05"]
[Round "3"]
[White "Hentzien, Maxime"]
[Black "Truchot, Rene"]
[Result "1/2-1/2"]
[WhiteElo "1970"]
[BlackElo "1870"]
[PlyCount "60"]
[EventDate "2004.10.10"]
[EventType "team"]
[EventRounds "3"]
[EventCountry "FRA"]
[SourceTitle "EXT 2007"]
[Source "ChessBase"]
[SourceDate "2006.11.23"]
[SourceVersion "1"]
[SourceVersionDate "2006.11.23"]
[SourceQuality "1"]

1. e4 e6 2. d4 d5 3. e5 c5 4. c3 Nc6 5. Nf3 Bd7 6. Bd3 Qb6 7. Bc2 Nge7 8. g4 Ng6 9. h4 cxd4 10. cxd4 Nb4 11. Nc3 Nxc2+ 12. Qxc2 Qa6 13. h5 Ne7 14. Ng5 Nc6 15. Be3 h6 16. Nf3 Nb4 17. Qd2 Nd3+ 18. Kd1 Bb4 19. Ne1 Ba4+ 20. Nc2 Nxb2+ 21. Ke1 Nd3+ 22. Kf1 Bxc2 23. Qxc2 Rc8 24. Qa4+ Qxa4 25. Nxa4 Rc2 26. a3 Bd2 27. Ke2 Nf4+ 28. Kd1 Bxe3 29. Kxc2 Bxd4 30. Rab1 b6 1/2-1/2

[Event "FRA-chT4"]
[Site "Ech Ardennais/La Francheville"]
[Date "2004.11.07"]
[Round "2"]
[White "Truchot, Rene"]
[Black "Crepaux, Jean Marie"]
[Result "1/2-1/2"]
[WhiteElo "1870"]
[BlackElo "1910"]
[PlyCount "118"]
[EventDate "2004.10.10"]
[EventType "team"]
[EventRounds "3"]
[EventCountry "FRA"]
[SourceTitle "EXT 2007"]
[Source "ChessBase"]
[SourceDate "2006.11.23"]
[SourceVersion "1"]
[SourceVersionDate "2006.11.23"]
[SourceQuality "1"]

1. e4 e5 2. Nf3 Nc6 3. Bc4 Bc5 4. c3 d6 5. h3 Qf6 6. d3 h6 7. b4 Bb6 8. a4 a5 9. b5 Nd8 10. Na3 Ne7 11. Nc2 0-0 12. Ne3 Ne6 13. Ng4 Qg6 14. Nh4 Qh7 15. 0-0 Nf4 16. Be3 Bxe3 17. fxe3 Ne6 18. Qe2 b6 19. Rf2 h5 20. Nh2 Bb7 21. Nf5 Rae8 22. Raf1 Nxf5 23. Rxf5 g6 24. Rf6 Qg7 25. R6f2 Re7 26. Nf3 c6 27. Bxe6 Rxe6 28. Ng5 Re7 29. Rf6 cxb5 30. axb5 d5 31. exd5 Bxd5 32. e4 Be6 33. Qf2 Rb8 34. Qg3 Bf5 35. Rd6 Bd7 36. c4 Be6 37. Qe3 Qh6 38. h4 Reb7 39. Rf6 a4 40. Qf2 a3 41. Qa2 Ra7 42. Rf1 Qf8 43. Rc6 Qb4 44. Kh2 Qb2 45. Qxb2 axb2 46. Rb1 Ra2 47. Nxe6 fxe6 48. Rxe6 Rd8 49. Rxg6+ Kf7 50. Rxb6 Rxd3 51. Ra6 Rxa6 52. bxa6 Ra3 53. Rxb2 Rxa6 54. Rb3 Ke6 55. Kg3 Ra4 56. Rc3 Kd6 57. Kf3 Kc5 58. g4 Kd4 59. Rc1 Ra3+ 1/2-1/2

[Event "FRA-chT4 0203"]
[Site "Champagne Ardenne"]
[Date "2003.02.02"]
[Round "5"]
[White "Truchot, Rene"]
[Black "Guilbaut, Bertrand"]
[Result "0-1"]
[WhiteElo "1670"]
[BlackElo "1810"]
[PlyCount "34"]
[EventDate "2002.10.02"]
[EventType "team"]
[EventRounds "7"]
[EventCountry "FRA"]
[SourceTitle "EXT 2005"]
[Source "ChessBase"]
[SourceDate "2004.11.15"]
[SourceVersion "1"]
[SourceVersionDate "2004.11.15"]
[SourceQuality "1"]

1. e4 c5 2. Nf3 Nc6 3. Nc3 g6 4. d4 cxd4 5. Nxd4 Bg7 6. Be3 Nf6 7. Nxc6 bxc6 8. e5 Ng8 9. Bd4 c5 10. Bxc5 Bxe5 11. Qd5 Qc7 12. Qxa8 Qxc5 13. Qf3 Nf6 14. Rd1 Qb4 15. Rb1 Ne4 16. Qd1 Bxc3+ 17. bxc3 Qxc3+ 0-1

[Event "FRA-chT4 0203"]
[Site "Champagne Ardenne"]
[Date "2002.12.08"]
[Round "3"]
[White "Truchot, Rene"]
[Black "Marchal, Ludovic"]
[Result "1-0"]
[WhiteElo "1720"]
[BlackElo "1440"]
[PlyCount "51"]
[EventDate "2002.10.02"]
[EventType "team"]
[EventRounds "7"]
[EventCountry "FRA"]
[SourceTitle "EXT 2005"]
[Source "ChessBase"]
[SourceDate "2004.11.15"]
[SourceVersion "1"]
[SourceVersionDate "2004.11.15"]
[SourceQuality "1"]

1. e4 e6 2. d4 d5 3. Nc3 Bb4 4. e5 c5 5. a3 Bxc3+ 6. bxc3 Qc7 7. Bb2 Nc6 8. Bd3 Nge7 9. Nf3 Bd7 10. Ng5 cxd4 11. cxd4 Nf5 12. c3 Qa5 13. 0-0 Nh6 14. Qh5 0-0-0 15. Rfc1 Kb8 16. Qf3 Nxd4 17. cxd4 Qd2 18. Nxf7 Rdf8 19. Bc3 Rxf7 20. Bxd2 Rxf3 21. gxf3 Rf8 22. Bxh6 gxh6 23. Kg2 Rg8+ 24. Kh3 Rf8 25. Be2 h5 26. Rg1 1-0

[Event "FRA-chT4 0001"]
[Site "Champagne Ardenne"]
[Date "2001.02.04"]
[Round "5"]
[White "Meunier, Samuel"]
[Black "Truchot, Rene"]
[Result "0-1"]
[WhiteElo "1660"]
[BlackElo "1760"]
[PlyCount "74"]
[EventDate "2001.10.??"]
[EventType "team"]
[EventRounds "7"]
[EventCountry "FRA"]
[SourceTitle "EXT 2005"]
[Source "ChessBase"]
[SourceDate "2004.11.15"]
[SourceVersion "1"]
[SourceVersionDate "2004.11.15"]
[SourceQuality "1"]

1. e4 e6 2. d4 d5 3. Nc3 dxe4 4. Nxe4 Bd7 5. Nf3 Bc6 6. Bd3 Nd7 7. 0-0 Ngf6 8. Nxf6+ Nxf6 9. c3 Be7 10. Ne5 0-0 11. Bd2 Be4 12. Bc4 c5 13. Qe2 cxd4 14. cxd4 Qxd4 15. Bc3 Qb6 16. g4 h6 17. h4 Bc6 18. g5 hxg5 19. hxg5 Ne4 20. g6 Ng5 21. gxf7+ Rxf7 22. Qg4 Raf8 23. Bxe6 Bf3 24. Bxf7+ Rxf7 25. Qc8+ Rf8 26. Qc4+ Nf7 27. Qd3 Nxe5 28. Bxe5 Qh6 29. Bh2 Rf6 30. Qc4+ Kh7 31. Rfe1 Bd6 32. Qd3+ Rg6+ 33. Kf1 Qxh2 34. Qxf3 Rg1+ 35. Ke2 Qe5+ 36. Qe3 Qb5+ 37. Qd3+ Qxd3+ 0-1

[Event "FRA-chT4 0001"]
[Site "Champagne Ardenne"]
[Date "2001.01.14"]
[Round "4"]
[White "Colin, Stephanie"]
[Black "Truchot, Rene"]
[Result "1-0"]
[WhiteElo "1840"]
[BlackElo "1760"]
[PlyCount "75"]
[EventDate "2001.10.??"]
[EventType "team"]
[EventRounds "7"]
[EventCountry "FRA"]
[SourceTitle "EXT 2005"]
[Source "ChessBase"]
[SourceDate "2004.11.15"]
[SourceVersion "1"]
[SourceVersionDate "2004.11.15"]
[SourceQuality "1"]

1. d4 Nf6 2. c4 e6 3. Nc3 c5 4. d5 exd5 5. cxd5 d6 6. Nf3 Bf5 7. g3 g6 8. Bg2 Bg7 9. 0-0 0-0 10. Nd2 Re8 11. e4 Bg4 12. Qc2 Na6 13. Nc4 Nc7 14. Bf4 Bf8 15. Rfe1 Nh5 16. Be3 Qd7 17. f3 Bh3 18. Rad1 Bxg2 19. Qxg2 b5 20. Nd2 Bg7 21. Rc1 b4 22. Nd1 Nb5 23. Nc4 Rac8 24. Bf2 f5 25. Nde3 fxe4 26. fxe4 Re7 27. Nf1 Nd4 28. Nfd2 Rf8 29. Be3 Ref7 30. Rf1 Rxf1+ 31. Rxf1 Nf6 32. Bf4 Ne8 33. Re1 Nb5 34. e5 dxe5 35. Nxe5 Qb7 36. Ndc4 Ned6 37. Nxd6 Nxd6 38. Nc6 1-0

[Event "FRA-chT4 0001"]
[Site "Champagne Ardenne"]
[Date "2000.10.15"]
[Round "1"]
[White "Bielka, Samuel"]
[Black "Truchot, Rene"]
[Result "1/2-1/2"]
[WhiteElo "1870"]
[BlackElo "1820"]
[PlyCount "67"]
[EventDate "2001.10.??"]
[EventType "team"]
[EventRounds "7"]
[EventCountry "FRA"]
[SourceTitle "EXT 2005"]
[Source "ChessBase"]
[SourceDate "2004.11.15"]
[SourceVersion "1"]
[SourceVersionDate "2004.11.15"]
[SourceQuality "1"]

1. d4 d5 2. c4 e6 3. Nc3 Nf6 4. cxd5 exd5 5. Bg5 Be7 6. e3 Bf5 7. Qb3 Nbd7 8. Bf4 0-0 9. Nf3 Nb6 10. Be2 c6 11. 0-0 Nh5 12. Be5 Bg6 13. h3 Bd6 14. a4 Rb8 15. Bxd6 Qxd6 16. Ne5 Nf6 17. Nxg6 fxg6 18. Rfb1 Rbe8 19. a5 Nbd7 20. Qa4 a6 21. b4 Ne4 22. Qc2 Ndf6 23. Bd3 Nxc3 24. Qxc3 Ne4 25. Bxe4 Rxe4 26. Qc5 Qd7 27. Qb6 g5 28. Rc1 Re7 29. Rc5 g4 30. hxg4 Ra8 31. Rc2 Qxg4 32. Rac1 Qd7 33. Rc5 Re6 34. R1c2 1/2-1/2